LEADER 01482nam a2200313 u 4500 001 000000041112 003 CaOOAMICUS 005 20070226114158.0 008 981013s1985 sp u000 u spa u 020 $a8431309083 035 $a10805460 040 $aIPA$bita 111 2 $aSimposio internacional de Teología$n(6 :$d1984 :$cPamplona).$0(OLS)http://pul/name/30290 245 10$aDios y el hombre :$bVI Simposio Internacional de Teología de la Universidad de Navarra /$cedición dirigida por Antonio Aranda ... [et al.]. 260 $aPamplona :$bEdiciones Universidad de Navarra,$c1985. 300 $a816 p. ;$c25 cm 490 1 $aColección teológica ;$v43 500 $aComprende indice. 650 4$aTeologia$xCongressi.$0(OLS)http://pul/subject/7855 700 1 $aAranda, Antonio.$0(OLS)http://pul/name/30291 710 2 $aUniversidad de Navarra.$bFacultad de Teología.$0(OLS)http://pul/name/23554 830 0$aColección teológica ;$v43.$0(OLS)http://pul/title/11500 850 $aPUL 852 $aPUL$W1$xSL Religione 1$y3$m67 B 92$j55744$nBK-PRI$b $qStampati$B55744$CPULBib$Z2$F55744 $H $81 941 1 $a8 961 $aINV: 54578 996 $6020$a8431309083$9(OLS)http://pul/number/51165 996 $6245$aDios y el hombre :$bVI Simposio Internacional de Teología de la Universidad de Navarra$9(OLS)http://pul/title/55471 996 $6260$aPamplona :$bEdiciones Universidad de Navarra$9(OLS)http://pul/publisher/48150 LEADER 01546nam a2200289 a 4500 001 000000111168 003 CaOOAMICUS 005 20080414142324.0 008 080414s2007 vc 000 0 ita d 020 $z978-88-465-0613-9* 040 $aPUL$bita$dLDB 245 00$aFondamento e dimensione oggettiva della fede secondo la dottrina cattolico-romana ed evangelico-luterana :$bstudi teologici /$cEilert Herms. Lubomir Zak (edd.) 260 $aCittà del Vaticano :$bLateran University Press,$cc2007. 300 $a761 p. ;$c24 cm. 490 1 $aDibattito per il millennio ;$v010 504 $aContiene riferimenti bibliografici. 650 14$aFede.$0(OLS)http://pul/subject/668 700 1 $aZak, Lubomír,$d1964-$0(OLS)http://pul/name/32062 700 1 $aHerms, Eilert.$0(OLS)http://pul/name/42861 785 06$tBattesimo e sacramento dell'altare nel fondamento e oggetto della fede : .$dCittà del Vaticano : Lateran University Press, 2020.$w()174065 830 0$aDibattito per il millennio ;$v010.$0(OLS)http://pul/title/108982 850 $aPUL 852 $aPUL$W1$xSL Religione 3$y85$m234 HEREI 1$j127449$qDDC 21$B126146$CPULBib$Z2$F126146 $H106975 $82 941 1 $a9 996 $6020$z978-88-465-0613-9*$9(OLS)http://pul/number/137706 996 $6245$aFondamento e dimensione oggettiva della fede secondo la dottrina cattolico-romana ed evangelico-luterana :$bstudi teologici$9(OLS)http://pul/title/139768 996 $6260$aCittà del Vaticano :$bLateran University Press$9(OLS)http://pul/publisher/74585